000 00366nam a2200145Ia 4500
008 230312s9999||||xx |||||||||||||| ||und||
020 _a81-7880-307-4
082 _a621.3803
_bSHU-E
245 0 _aEncyclopaedic Dictionary of Telecommunication
260 _bRajat Publications
_aIndia
_c2008
300 _a258
546 _aEng.
650 _aEngineering
942 _cBK
999 _c1599
_d1599